[Event "XXIX Memorial Edoardo Crespi B"]
[Site "Milano ITA"]
[Date "2008.12.04"]
[Round "1"]
[White "Carbone, Lorenzo"]
[Black "Mei, Gianluca"]
[Result "0-1"]
[WhiteElo "1817"]
[BlackElo "1917"]
[PlyCount "70"]
[EventDate "2008.12.04"]

1. e4 e5 2. Nf3 Nc6 3. Bb5 Nf6 4. O-O d6 5. d4 Bd7 6. dxe5 dxe5 7. Re1 Be7 8.
Bg5 a6 9. Ba4 b5 10. Bb3 O-O 11. Nc3 Rc8 12. a3 Bg4 13. h3 Bxf3 14. Qxf3 Nd4
15. Qg3 c5 16. Bh6 Ne8 17. Rad1 Rc6 18. Be3 Rg6 19. Bxd4 Rxg3 20. Bxe5 Qc8 21.
Bxg3 c4 22. Ba2 Nc7 23. a4 b4 24. Ne2 Ne6 25. c3 b3 26. Bb1 Rd8 27. Nd4 Nc5 28.
Nf5 Bf8 29. Bh4 f6 30. e5 Nd3 31. exf6 Qxf5 32. fxg7 Bc5 33. Bxd3 Rxd3 34. Re8+
Kxg7 35. Rde1 Rd2 0-1

[Event "XXIX Memorial Edoardo Crespi B"]
[Site "Milano ITA"]
[Date "2008.12.04"]
[Round "1"]
[White "Cerioni, Armando"]
[Black "Trent, Alan M."]
[Result "1-0"]
[WhiteElo "1976"]
[BlackElo "1867"]
[PlyCount "73"]
[EventDate "2008.12.04"]

1. e4 c6 2. d4 g6 3. Nc3 d5 4. f3 Bg7 5. Be3 dxe4 6. fxe4 Nf6 7. Nf3 Bg4 8. h3
Bxf3 9. Qxf3 O-O 10. Bc4 Qa5 11. O-O e6 12. Bg5 Qxg5 13. e5 Nd5 14. Rae1 Nd7
15. Ne4 Qh4 16. Be2 Bh6 17. Bd1 Rac8 18. c4 Ne7 19. g3 Qxh3 20. Re2 Nf5 21. Rh2
Nxd4 22. Qd3 Nxe5 23. Qxd4 Bg7 24. Qxa7 Ra8 25. Qxb7 Nf3+ 26. Rxf3 Bd4+ 27. Kh1
Rab8 28. Qxc6 Qxh2+ 29. Kxh2 Rxb2+ 30. Kh1 Rb1 31. Rf1 Rfb8 32. Qd7 Ba1 33.
Qxf7+ Kh8 34. Qe7 h5 35. Rf8+ Rxf8 36. Qxf8+ Kh7 37. Ng5# 1-0

[Event "XXIX Memorial Edoardo Crespi B"]
[Site "Milano ITA"]
[Date "2008.12.04"]
[Round "1"]
[White "Ciciotti, Augusto"]
[Black "Zeppos, Panagiotis"]
[Result "0-1"]
[WhiteElo "1900"]
[BlackElo "1823"]
[PlyCount "92"]
[EventDate "2008.12.04"]

1. d4 d5 2. c4 e6 3. Nf3 Nf6 4. g3 Be7 5. Bg2 O-O 6. O-O c5 7. cxd5 exd5 8. Nc3
Nc6 9. b3 Be6 10. Bb2 Rc8 11. dxc5 Bxc5 12. Na4 Be7 13. e3 Bf5 14. Nd4 Nxd4 15.
Bxd4 b5 16. Nc3 a6 17. a3 b4 18. axb4 Bxb4 19. Bxf6 Qxf6 20. Nxd5 Qd6 21. Nxb4
Qxb4 22. Ra4 Qb5 23. Qd5 Be6 24. Qxb5 axb5 25. Rb4 Rc5 26. Ra1 Rfc8 27. Bb7 Rd8
28. Ra5 Bh3 29. Ra1 g6 30. Bg2 Be6 31. Bf3 Rd2 32. Kg2 Rb2 33. Bd1 Rf5 34. Rf4
Rxf4 35. gxf4 Bxb3 36. Bxb3 Rxb3 37. Ra8+ Kg7 38. Rb8 Rb1 39. Rb7 b4 40. e4 Kf6
41. Kg3 b3 42. Kf3 b2 43. e5+ Ke6 44. h4 Kd5 45. Ke2 Kc4 46. Kd2 Rf1 0-1

[Event "XXIX Memorial Edoardo Crespi B"]
[Site "Milano ITA"]
[Date "2008.12.04"]
[Round "1"]
[White "Delledonne, Francesco"]
[Black "Scarpellini, Felice"]
[Result "1-0"]
[WhiteElo "1938"]
[BlackElo "1849"]
[PlyCount "81"]
[EventDate "2008.12.04"]

1. d4 Nf6 2. c4 e6 3. Nf3 d5 4. Nc3 b6 5. cxd5 exd5 6. Bg5 Be7 7. e3 Bb7 8.
Bb5+ c6 9. Bd3 Nbd7 10. O-O O-O 11. Rc1 c5 12. Qa4 Ne4 13. Bf4 f5 14. Ne5 Nxe5
15. Bxe5 Bf6 16. f3 Nxc3 17. bxc3 g6 18. f4 c4 19. Be2 a6 20. Bf3 b5 21. Qc2
Qd7 22. Qe2 Bc6 23. g4 Kh8 24. g5 Bxe5 25. dxe5 Rab8 26. a3 Qe7 27. Qa2 Qc5 28.
Kf2 Rb6 29. h4 a5 30. h5 Kg7 31. hxg6 hxg6 32. Rh1 Rh8 33. Rxh8 Kxh8 34. Rh1+
Kg7 35. Kg3 Qf8 36. Qh2 Qg8 37. Qd2 Rb7 38. e6 Kf8 39. Qd4 Ke7 40. Qc5+ Kxe6
41. Qxc6+ 1-0

[Event "XXIX Memorial Edoardo Crespi B"]
[Site "Milano ITA"]
[Date "2008.12.04"]
[Round "1"]
[White "Di Paola, Antonio"]
[Black "Iacchetti, Giovanni"]
[Result "1/2-1/2"]
[WhiteElo "1748"]
[BlackElo "1889"]
[PlyCount "82"]
[EventDate "2008.12.04"]

1. d4 d6 2. c4 f5 3. Nf3 Nf6 4. g3 e6 5. Bg2 Be7 6. O-O O-O 7. Nc3 a5 8. b3 Na6
9. a3 c6 10. Rb1 Bd7 11. b4 axb4 12. axb4 Nc7 13. Qb3 Qe8 14. Na4 Ra6 15. c5
Ncd5 16. Nc3 Nxc3 17. Qxc3 Ne4 18. Qb3 Bf6 19. Bf4 d5 20. Rfd1 Qa8 21. Rd3 g5
22. Be5 Ra2 23. Rb2 Ra1+ 24. Rd1 Ra3 25. Qc2 Qa6 26. Bxf6 Rxf6 27. Ne5 Be8 28.
f3 Nc3 29. Rd3 Ra1+ 30. Kf2 Nb5 31. Rd1 Ra3 32. Qd2 f4 33. Ng4 fxg3+ 34. hxg3
Rg6 35. Ne5 Rg7 36. Rh1 b6 37. Rh6 bxc5 38. bxc5 Qc8 39. Bh3 Bg6 40. Bg4 Bf5
41. Bh5 Ra6 1/2-1/2

[Event "XXIX Memorial Edoardo Crespi B"]
[Site "Milano ITA"]
[Date "2008.12.04"]
[Round "1"]
[White "Fornasir, Carlo Gustavo"]
[Black "Murli, Almerico"]
[Result "1/2-1/2"]
[WhiteElo "1919"]
[BlackElo "1842"]
[PlyCount "58"]
[EventDate "2008.12.04"]

1. e4 g6 2. Nf3 Bg7 3. d4 d6 4. Bd3 Nf6 5. O-O O-O 6. h3 Nbd7 7. Be3 e5 8. dxe5
Nxe5 9. Nxe5 dxe5 10. Nd2 Qe7 11. Nb3 b6 12. a4 Bb7 13. f3 Nh5 14. Qc1 Nf4 15.
Rd1 Qg5 16. Bf1 Nxh3+ 17. Kh2 Nf4 18. Rd7 Qh4+ 19. Kg1 Qg3 20. Rxc7 Bc8 21. Qe1
Qxe1 22. Rxe1 Ne6 23. Rc3 Rd8 24. a5 Nd4 25. axb6 axb6 26. Ra1 Rxa1 27. Nxa1
Be6 28. Nb3 h5 29. Nxd4 exd4 1/2-1/2

[Event "XXIX Memorial Edoardo Crespi B"]
[Site "Milano ITA"]
[Date "2008.12.04"]
[Round "1"]
[White "Guzzetti, Luigi Enrico"]
[Black "Cartella, Giovanni"]
[Result "0-1"]
[WhiteElo "1862"]
[BlackElo "1861"]
[PlyCount "118"]
[EventDate "2008.12.04"]

1. e4 c5 2. Nf3 d6 3. d4 cxd4 4. Nxd4 Nf6 5. Nc3 a6 6. Be2 e6 7. Be3 Be7 8. O-O
O-O 9. a4 Qc7 10. f4 Nc6 11. Bf3 Bd7 12. Nb3 b6 13. Qe2 Bc8 14. Rad1 Bb7 15.
Qf2 Nd7 16. Qg3 Rfd8 17. h4 Nc5 18. h5 Bf6 19. h6 g6 20. f5 Ne5 21. fxg6 Nxg6
22. Nxc5 bxc5 23. Bh5 Qe7 24. Bxg6 fxg6 25. Bf4 e5 26. Be3 Rf8 27. Qe1 Rad8 28.
Qd2 Qe6 29. Nd5 Bxd5 30. Qxd5 Qxd5 31. Rxd5 Be7 32. Rfd1 Rb8 33. Bxc5 dxc5 34.
Rxe5 Rb7 35. b3 Rf4 36. g3 Rf3 37. Kg2 Rc3 38. Rd2 Kf7 39. Rf2+ Bf6 40. g4 Rxc2
41. Rxc2 Bxe5 42. Rxc5 Bf4 43. g5 Be3 44. Ra5 Rxb3 45. Rxa6 Bxg5 46. Ra7+ Be7
47. a5 Re3 48. a6 Rxe4 49. Rb7 Ra4 50. a7 Kf6 51. Kf3 Bc5 52. Rxh7 Rxa7 53. Rh8
Ba3 54. Kg4 Ra4+ 55. Kf3 Rh4 56. Kg3 Rh5 57. Kg4 Kf7 58. h7 Bf8 59. Kf4 Bg7 0-1

[Event "XXIX Memorial Edoardo Crespi B"]
[Site "Milano ITA"]
[Date "2008.12.04"]
[Round "1"]
[White "Landais, Federico"]
[Black "Casale, Anania"]
[Result "1/2-1/2"]
[WhiteElo "1888"]
[BlackElo "1744"]
[PlyCount "77"]
[EventDate "2008.12.04"]

1. e4 c5 2. Nf3 e6 3. Nc3 a6 4. g3 Nc6 5. Bg2 Qc7 6. O-O Nf6 7. Re1 d6 8. a4
Be7 9. d4 cxd4 10. Nxd4 Nxd4 11. Qxd4 e5 12. Qd3 O-O 13. Bg5 Be6 14. Red1 Rfd8
15. a5 b5 16. axb6 Qxb6 17. Be3 Qc6 18. Ra4 Rdc8 19. Bf1 Qb7 20. Rxa6 Bc4 21.
Rxa8 Bxd3 22. Rxc8+ Qxc8 23. Rxd3 h6 24. h3 Qc6 25. Bg2 Qa6 26. Rd1 Bd8 27. Kh2
Qc6 28. f3 Ba5 29. Nd5 Qxc2 30. Nxf6+ gxf6 31. Rxd6 Kg7 32. Rd5 Be1 33. Bc5
Qxb2 34. h4 Bf2 35. Bxf2 Qxf2 36. h5 Qe3 37. g4 Qf4+ 38. Kh3 f5 39. exf5
1/2-1/2

[Event "XXIX Memorial Edoardo Crespi B"]
[Site "Milano ITA"]
[Date "2008.12.04"]
[Round "1"]
[White "Marino, Marco"]
[Black "Coladangelo, Andrea"]
[Result "0-1"]
[WhiteElo "1797"]
[BlackElo "1893"]
[PlyCount "92"]
[EventDate "2008.12.04"]

1. e4 c5 2. Nc3 Nc6 3. Nf3 d6 4. d4 cxd4 5. Nxd4 a6 6. Bc4 e6 7. O-O Nf6 8. Bb3
Be7 9. Be3 Qc7 10. a4 b6 11. Qe2 Bd7 12. Rfd1 O-O 13. f3 Rfc8 14. Nxc6 Bxc6 15.
Rd2 Qb7 16. Rad1 b5 17. a5 Ne8 18. Qf2 Bd8 19. Qg3 Bxa5 20. Rd3 Bb6 21. Kh1
Bxe3 22. Rxe3 a5 23. Ne2 a4 24. Ba2 Bd7 25. Bb1 b4 26. h4 a3 27. bxa3 bxa3 28.
Rb3 Qa6 29. Nc1 Bb5 30. Qf2 Bc4 31. Rb6 Qa7 32. Na2 Rc6 33. Rxc6 Qxf2 34. Rxc4
Qxh4+ 35. Kg1 Ra5 36. Nc1 Rh5 37. Rcd4 Qh2+ 38. Kf2 Rg5 39. Rg1 Nf6 40. Ra4 g6
41. Nd3 d5 42. exd5 Nxd5 43. Rxa3 Qg3+ 44. Ke2 Qc7 45. Rb3 Qa7 46. Nf2 Re5+ 0-1

[Event "XXIX Memorial Edoardo Crespi B"]
[Site "Milano ITA"]
[Date "2008.12.04"]
[Round "1"]
[White "Mircoli, Filippo"]
[Black "Piantoni, Pierino"]
[Result "1-0"]
[WhiteElo "1846"]
[BlackElo "1935"]
[PlyCount "93"]
[EventDate "2008.12.04"]

1. e4 e6 2. d4 d5 3. Nc3 Bb4 4. e5 c5 5. a3 Ba5 6. Nf3 Nc6 7. Bb5 Bd7 8. O-O
Bxc3 9. bxc3 Nxe5 10. Be2 Nxf3+ 11. Bxf3 c4 12. Bf4 Ba4 13. Re1 Nf6 14. Bg5 Qd6
15. Qd2 h6 16. Bf4 Qd7 17. Be5 O-O-O 18. Rab1 b5 19. Qc1 Qc6 20. Rb2 Rd7 21.
Bxf6 gxf6 22. Qf4 f5 23. Qe5 Rhd8 24. Qf6 Qd6 25. Qxh6 Qxa3 26. Reb1 Qxc3 27.
Qf4 a6 28. Ra2 Qa5 29. h4 Qc7 30. Qg5 Qd6 31. h5 Rh8 32. Qg7 Re8 33. Rba1 Qc7
34. h6 Qd8 35. Rxa4 bxa4 36. Rxa4 f6 37. Qg3 Qc7 38. Qh4 Qc6 39. Ra5 Qd6 40.
Qxf6 Rh7 41. Rxd5 Qb6 42. Rc5+ Kb8 43. Rxc4 Reh8 44. g3 Rxh6 45. Qe5+ Ka7 46.
Rc7+ Kb8 47. Rb7+ 1-0

[Event "XXIX Memorial Edoardo Crespi B"]
[Site "Milano ITA"]
[Date "2008.12.04"]
[Round "1"]
[White "Moreschi, Mauro"]
[Black "Pulvirenti, Gianni"]
[Result "1/2-1/2"]
[WhiteElo "1866"]
[BlackElo "1945"]
[PlyCount "57"]
[EventDate "2008.12.04"]

1. e4 c5 2. Bc4 Nc6 3. d3 g6 4. Bd2 Bg7 5. Bc3 Nd4 6. Nf3 d6 7. O-O Nh6 8. Nxd4
cxd4 9. Bd2 O-O 10. h3 Kh8 11. Qc1 Ng8 12. c3 dxc3 13. Bxc3 Nf6 14. Qc2 Qc7 15.
Qb3 e6 16. Nd2 b6 17. Rfc1 Qb8 18. a4 Bd7 19. Ba6 Bc8 20. Qb5 Bxa6 21. Qxa6 Qc8
22. Qb5 Qe8 23. Ra3 Rc8 24. Nc4 Qd8 25. Raa1 d5 26. Nd2 dxe4 27. Nxe4 Nxe4 28.
Bxg7+ Kxg7 29. dxe4 1/2-1/2

[Event "XXIX Memorial Edoardo Crespi B"]
[Site "Milano ITA"]
[Date "2008.12.04"]
[Round "1"]
[White "Oteri, Aldo"]
[Black "Cardani, Roberto"]
[Result "0-1"]
[WhiteElo "1831"]
[BlackElo "1900"]
[PlyCount "76"]
[EventDate "2008.12.04"]

1. e4 c5 2. Nf3 d6 3. d4 cxd4 4. Nxd4 Nf6 5. Nc3 a6 6. Bg5 e6 7. f4 Qb6 8. Qd2
Qxb2 9. Nb3 Qa3 10. Be2 Be7 11. O-O Nc6 12. Rae1 O-O 13. Bf3 Rd8 14. Qf2 Qb4
15. Re3 d5 16. exd5 Nxd5 17. Bxd5 exd5 18. Bxe7 Nxe7 19. Rfe1 Be6 20. Ne2 Nc6
21. c3 Qd6 22. Ned4 Bd7 23. Qf3 Nxd4 24. Nxd4 Re8 25. Qe2 Kf8 26. Qh5 h6 27. f5
Rxe3 28. Rxe3 Re8 29. Qe2 Qc5 30. Qf2 Qc4 31. Ne6+ Kg8 32. Nxg7 Rxe3 33. Qxe3
Kxg7 34. Qe5+ Kh7 35. Qe7 Qxc3 36. Qxf7+ Qg7 37. Qxd5 Bc6 38. Qd3 Qxg2# 0-1

[Event "XXIX Memorial Edoardo Crespi B"]
[Site "Milano ITA"]
[Date "2008.12.04"]
[Round "1"]
[White "Papale, Carmelo"]
[Black "Margstahler, Francesco"]
[Result "1-0"]
[WhiteElo "1889"]
[BlackElo "1768"]
[PlyCount "30"]
[EventDate "2008.12.04"]

1. e4 c6 2. d4 d5 3. Nc3 dxe4 4. Nxe4 Bf5 5. Ng3 Bg6 6. Nf3 Nd7 7. h4 h6 8. h5
Bh7 9. Bd3 Bxd3 10. Qxd3 e6 11. Qe2 Ngf6 12. Bd2 Be7 13. O-O-O O-O 14. c4 b5
15. Ne5 15... Qb6 {...} 1-0

[Event "XXIX Memorial Edoardo Crespi B"]
[Site "Milano ITA"]
[Date "2008.12.04"]
[Round "1"]
[White "Regorda, Massimiliano"]
[Black "Acunzo, Domenico"]
[Result "1-0"]
[WhiteElo "1898"]
[BlackElo "1797"]
[PlyCount "91"]
[EventDate "2008.12.04"]

1. e4 e6 2. d4 d5 3. Nd2 c5 4. dxc5 Bxc5 5. Nb3 Bb6 6. exd5 Qxd5 7. Qxd5 exd5
8. Nf3 Nf6 9. Bb5+ Nc6 10. Ne5 Bd7 11. Nxd7 Nxd7 12. O-O O-O 13. Rd1 Nf6 14.
Bg5 Ne4 15. Bh4 g5 16. Bg3 f5 17. Rxd5 f4 18. Re1 fxg3 19. Rxe4 Rxf2 20. Rxg5+
Kf8 21. Kh1 Rd8 22. hxg3 Rxc2 23. Rf5+ Kg7 24. Rg4+ Kh8 25. Rfg5 Ne7 26. Rh4
Rg8 27. Rgh5 Rg7 28. Bd3 Rxb2 29. Rxh7+ Rxh7 30. Rxh7+ Kg8 31. Rxe7 Rxa2 32.
Bc4+ Kf8 33. Rxb7 Rc2 34. Bd5 Re2 35. g4 Re5 36. Rf7+ Ke8 37. Rf5 Re7 38. g3
Re2 39. g5 a5 40. g6 Re7 41. Bf7+ Kf8 42. Nxa5 Bxa5 43. Rxa5 Kg7 44. g4 Re4 45.
g5 Re2 46. Ra8 1-0

[Event "XXIX Memorial Edoardo Crespi B"]
[Site "Milano ITA"]
[Date "2008.12.04"]
[Round "1"]
[White "Regorda, Vittorio"]
[Black "Guerra, Efrain"]
[Result "0-1"]
[WhiteElo "1860"]
[BlackElo "1941"]
[PlyCount "94"]
[EventDate "2008.12.04"]

1. d4 d5 2. Nf3 c6 3. c3 Nf6 4. Bg5 Ne4 5. Nbd2 h6 6. Bh4 Nd6 7. e3 Bf5 8. Qb3
Qb6 9. Be2 Nd7 10. Bg3 e6 11. O-O Be7 12. Ne1 Nf6 13. f3 Bg6 14. Bf2 Qc7 15. c4
Rd8 16. c5 Nc8 17. Qc3 O-O 18. Bg3 Qd7 19. Nd3 Bxd3 20. Bxd3 Nh5 21. Bf2 f5 22.
Rad1 Nf6 23. b4 a6 24. a4 Na7 25. Bb1 Qe8 26. Nb3 g5 27. Nc1 Rd7 28. Nd3 Bd8
29. Ne5 Rg7 30. Kh1 h5 31. Rde1 Bc7 32. Qd2 h4 33. e4 fxe4 34. fxe4 Qh5 35. Nf3
Bf4 36. Be3 Ng4 37. Bxf4 gxf4 38. Rg1 Ne3 39. Qf2 Rg3 40. Rxe3 fxe3 41. Qxe3
Kh8 42. exd5 cxd5 43. Qe1 Rfxf3 44. Qe5+ Qxe5 45. dxe5 Re3 46. hxg3 hxg3 47.
Rd1 47... Rxe5 {...} 0-1

[Event "XXIX Memorial Edoardo Crespi B"]
[Site "Milano ITA"]
[Date "2008.12.04"]
[Round "1"]
[White "Rossi, Giampiero"]
[Black "Olivo, Mario"]
[Result "1-0"]
[WhiteElo "1984"]
[BlackElo "1878"]
[PlyCount "101"]
[EventDate "2008.12.04"]

1. d4 Nf6 2. c4 e6 3. Nc3 Bb4 4. Qc2 c5 5. dxc5 Bxc5 6. Nf3 Nc6 7. e3 O-O 8. a3
a6 9. Be2 d5 10. cxd5 Nxd5 11. Bd2 Nxc3 12. Bxc3 Be7 13. O-O Bf6 14. Rfd1 Qe7
15. Rac1 Bxc3 16. Qxc3 e5 17. Qc5 Qxc5 18. Rxc5 f6 19. h3 Be6 20. Rd6 Rfe8 21.
b4 Rad8 22. Rxd8 Nxd8 23. Nd2 Re7 24. Kf1 Kf8 25. Ke1 Rd7 26. b5 axb5 27. Bxb5
Rd5 28. Rxd5 Bxd5 29. e4 Bc6 30. Bxc6 Nxc6 31. Nb3 Ke7 32. Kd2 Kd6 33. Kc3 b6
34. Kc4 Na7 35. Kb4 g6 36. Nd2 Kc7 37. Nc4 Nc6+ 38. Kb5 Nd4+ 39. Ka6 b5 40. Ne3
f5 41. f3 fxe4 42. fxe4 Kd6 43. Kb6 h5 44. h4 Ke6 45. Kc5 Nb3+ 46. Kxb5 Nd2 47.
a4 Nxe4 48. a5 Kd7 49. a6 Kc7 50. Nd5+ Kb8 51. Kb6 1-0

[Event "XXIX Memorial Edoardo Crespi B"]
[Site "Milano ITA"]
[Date "2008.12.04"]
[Round "1"]
[White "Silari, Andrea"]
[Black "Arboscelli, Gregorio"]
[Result "0-1"]
[WhiteElo "1810"]
[BlackElo "1898"]
[PlyCount "118"]
[EventDate "2008.12.04"]

1. e4 e5 2. Nf3 Nc6 3. Bb5 a6 4. Ba4 Nf6 5. d4 exd4 6. O-O Be7 7. Re1 O-O 8.
Nxd4 Nxd4 9. Qxd4 b5 10. e5 c5 11. Qd1 Ne8 12. Bb3 c4 13. Bxc4 bxc4 14. Qd5 Nc7
15. Qxc4 Bb7 16. Qg4 f5 17. exf6 Bxf6 18. c3 Re8 19. Rxe8+ Qxe8 20. Bd2 Qe4 21.
Qxe4 Bxe4 22. Na3 Ne6 23. Nc4 Rb8 24. b3 Bc6 25. Re1 Bb5 26. Ne3 Bg5 27. c4 Bc6
28. Bc3 Bxe3 29. Rxe3 Kf7 30. g3 g6 31. f4 Re8 32. Kf2 Nc5 33. Rxe8 Kxe8 34.
Ke3 Ne6 35. b4 Ke7 36. c5 d6 37. cxd6+ Kxd6 38. g4 Kd5 39. f5 gxf5 40. gxf5 Ng5
41. h4 Nf7 42. a3 Kc4 43. Bb2 Kb3 44. Bc1 Kc2 45. Bd2 Nd6 46. f6 Be8 47. Be1
Nc4+ 48. Kd4 Nxa3 49. Kc5 Kb3 50. Kd6 Nc2 51. Ke7 Bh5 52. Bg3 Nxb4 53. f7 Bxf7
54. Kxf7 a5 55. Be5 a4 56. Kg7 a3 57. Kxh7 Nd3 58. Kg8 Nxe5 59. h5 Ng4 0-1

[Event "XXIX Memorial Edoardo Crespi B"]
[Site "Milano ITA"]
[Date "2008.12.04"]
[Round "1"]
[White "Villalba, Fernando"]
[Black "Gandolfi, Attilio"]
[Result "0-1"]
[WhiteElo "1934"]
[BlackElo "1844"]
[PlyCount "166"]
[EventDate "2008.12.04"]

1. d4 Nf6 2. Nf3 d5 3. Bf4 Bg4 4. e3 e6 5. Be2 Nh5 6. Be5 f6 7. Bg3 Nxg3 8.
hxg3 Bd6 9. O-O O-O 10. Nbd2 c5 11. dxc5 Bxc5 12. Nb3 Bd6 13. c4 Qe7 14. cxd5
Rd8 15. Nfd4 Bxe2 16. Nxe2 Nd7 17. dxe6 Qxe6 18. Nbd4 Qf7 19. Qb3 Nc5 20. Qxf7+
Kxf7 21. Rfd1 Be5 22. Rac1 Ne6 23. b3 Rac8 24. Rxc8 Rxc8 25. Nb5 Rc2 26. Nf4 a6
27. Nd6+ Bxd6 28. Rxd6 Nc5 29. b4 Ne4 30. Rd7+ Ke8 31. Rxb7 Rc1+ 32. Kh2 Nxf2
33. g4 Nxg4+ 34. Kg3 Nxe3 35. Ne6 g5 36. Nc7+ Kd8 37. Nxa6 Rc2 38. Rxh7 Rxa2
39. b5 Nf5+ 40. Kg4 Nd6 41. Rh8+ Ke7 42. Rh7+ Kf8 43. Nc5 Rxg2+ 44. Kf3 Rb2 45.
b6 Kg8 46. Rd7 Rxb6 47. Rd8+ Kh7 48. Rd7+ Kg6 49. Ne6 f5 50. Nd4 g4+ 51. Kg3
Ne4+ 52. Kf4 Rb4 53. Rd8 Nf6 54. Kg3 Nh5+ 55. Kg2 f4 56. Rd6+ Nf6 57. Nc6 Rb2+
58. Kf1 Kg5 59. Ne5 Kf5 60. Nf7 Rh2 61. Ra6 f3 62. Nd6+ Ke5 63. Nf7+ Kf5 64.
Nd6+ Kf4 65. Ra4+ Ke5 66. Nf7+ Kd5 67. Ng5 Rc2 68. Ra5+ Kd4 69. Ne6+ Ke4 70.
Ra4+ Kd3 71. Ra3+ Kd2 72. Ng5 Nd5 73. Ne4+ Kc1 74. Rd3 Re2 75. Ng3 Ne3+ 76. Kg1
f2+ 77. Kh1 f1=Q+ 78. Nxf1 Nxf1 79. Kg1 Ne3 80. Rd8 Rd2 81. Rg8 Kd1 82. Rg7 Re2
83. Rf7 g3 0-1

[Event "XXIX Memorial Edoardo Crespi B"]
[Site "Milano ITA"]
[Date "2008.12.05"]
[Round "2"]
[White "Acunzo, Domenico"]
[Black "Ciciotti, Augusto"]
[Result "1-0"]
[WhiteElo "1797"]
[BlackElo "1900"]
[PlyCount "43"]
[EventDate "2008.12.04"]

1. e4 c5 2. Nf3 d6 3. c3 Nf6 4. Be2 Nc6 5. d4 cxd4 6. cxd4 Nxe4 7. d5 Qa5+ 8.
Nc3 Nxc3 9. bxc3 Ne5 10. Nxe5 Qxc3+ 11. Bd2 Qxe5 12. Be3 Qc3+ 13. Bd2 Qc5 14.
Rc1 Qxd5 15. O-O Bd7 16. Rc7 Bc6 17. Bf3 Qb5 18. Qc2 e6 19. Rxc6 Rd8 20. Rc7
Rd7 21. Rxb7 Rxb7 22. Bc6+ 1-0

[Event "XXIX Memorial Edoardo Crespi B"]
[Site "Milano ITA"]
[Date "2008.12.05"]
[Round "2"]
[White "Arboscelli, Gregorio"]
[Black "Alidosi, Marco"]
[Result "1-0"]
[WhiteElo "1898"]
[BlackElo "1794"]
[PlyCount "54"]
[EventDate "2008.12.04"]

1. d4 Nf6 2. c4 g6 3. Nc3 Bg7 4. e4 d6 5. f3 O-O 6. Be3 e5 7. Nge2 Nh5 8. g4
Nf6 9. Qd2 a6 10. Bh6 Bxg4 11. Bxg7 Kxg7 12. dxe5 Bxf3 13. exf6+ Qxf6 14. Rg1
Nc6 15. O-O-O Ne5 16. b3 Rfd8 17. Nd5 Qh4 18. Qf4 Qxf4+ 19. Ndxf4 Bxe4 20. Nd4
Kh8 21. Bg2 Bxg2 22. Rxg2 f5 23. Rc2 Kg8 24. Nde6 Rdc8 25. Nd5 Kf7 26. Ndxc7
Ra7 27. Rxd6 b5 1-0

[Event "XXIX Memorial Edoardo Crespi B"]
[Site "Milano ITA"]
[Date "2008.12.05"]
[Round "2"]
[White "Cardani, Roberto"]
[Black "Mircoli, Filippo"]
[Result "0-1"]
[WhiteElo "1900"]
[BlackElo "1846"]
[PlyCount "80"]
[EventDate "2008.12.04"]

1. e4 c5 2. Nf3 e6 3. d4 cxd4 4. Nxd4 a6 5. Bd3 Nc6 6. Nxc6 bxc6 7. O-O Bc5 8.
Nd2 e5 9. Qe2 Nf6 10. Nc4 d6 11. Bg5 h6 12. Be3 Bxe3 13. Nxe3 Qc7 14. c4 c5 15.
Rad1 a5 16. Bc2 O-O 17. f3 g6 18. Rd3 Be6 19. Qd2 Ra6 20. f4 Nxe4 21. Qe1 f5
22. Nd5 Qf7 23. fxe5 dxe5 24. Rh3 Qg7 25. Bxe4 fxe4 26. Rxf8+ Qxf8 27. Rh4 Bf5
28. g4 g5 29. gxf5 gxh4 30. Qxh4 Qg7+ 31. Kf2 e3+ 32. Kxe3 Qg5+ 33. Qxg5+ hxg5
34. Ke4 Rh6 35. Kxe5 Rxh2 36. Kf6 g4 37. Kg6 g3 38. f6 Rf2 39. Ne3 g2 40. f7+
Rxf7 0-1

[Event "XXIX Memorial Edoardo Crespi B"]
[Site "Milano ITA"]
[Date "2008.12.05"]
[Round "2"]
[White "Cartella, Giovanni"]
[Black "Cerioni, Armando"]
[Result "0-1"]
[WhiteElo "1861"]
[BlackElo "1976"]
[PlyCount "66"]
[EventDate "2008.12.04"]

1. d4 d6 2. Nf3 f5 3. Bg5 h6 4. Bf4 g5 5. Bd2 Bg7 6. Bc3 Nf6 7. e3 Ne4 8. Bd3
Nc6 9. Bxe4 fxe4 10. Nfd2 Bf5 11. Qh5+ Kf8 12. f4 Qe8 13. Qe2 Qd7 14. fxg5 hxg5
15. Qf2 Kg8 16. Na3 a6 17. Qg3 Rh5 18. h4 b5 19. b4 a5 20. Nxb5 Nxb4 21. Na3
Qa4 22. Bxb4 axb4 23. Nac4 Qxc2 24. O-O gxh4 25. Qf2 Rf8 26. Qe2 Rh6 27. Rfc1
Qa4 28. Nb2 Qe8 29. Rxc7 Qg6 30. Rxe7 h3 31. Rf1 hxg2 32. Qxg2 Qxg2+ 33. Kxg2
Bh3+ 0-1

[Event "XXIX Memorial Edoardo Crespi B"]
[Site "Milano ITA"]
[Date "2008.12.05"]
[Round "2"]
[White "Casale, Anania"]
[Black "Fornasir, Carlo Gustavo"]
[Result "1-0"]
[WhiteElo "1744"]
[BlackElo "1919"]
[PlyCount "49"]
[EventDate "2008.12.04"]

1. d4 Nf6 2. c4 e6 3. Nc3 c5 4. d5 exd5 5. cxd5 d6 6. e4 g6 7. Nf3 Bg7 8. h3
O-O 9. Be2 Re8 10. Qc2 a6 11. a4 Qa5 12. O-O b5 13. Bf4 b4 14. Nd1 Nxe4 15. Bd3
f5 16. Re1 Qd8 17. Bxe4 fxe4 18. Ng5 Rf8 19. Qxe4 Qf6 20. Ne6 Bxe6 21. dxe6
Qxf4 22. Qxa8 Nd7 23. Qxf8+ Bxf8 24. exd7 Qf6 25. Re8 1-0

[Event "XXIX Memorial Edoardo Crespi B"]
[Site "Milano ITA"]
[Date "2008.12.05"]
[Round "2"]
[White "Coladangelo, Andrea"]
[Black "Rossi, Giampiero"]
[Result "1-0"]
[WhiteElo "1893"]
[BlackElo "1984"]
[PlyCount "93"]
[EventDate "2008.12.04"]

1. e4 c5 2. Nf3 e6 3. d4 cxd4 4. Nxd4 a6 5. Nc3 Qc7 6. Bd3 Nc6 7. Be3 Nf6 8.
O-O Ne5 9. Nf3 d6 10. Nxe5 dxe5 11. Na4 Nd7 12. Qg4 b5 13. Nc3 Bb7 14. f4 Bc5
15. Bxc5 Qxc5+ 16. Kh1 exf4 17. Qxg7 Qe5 18. Qxe5 Nxe5 19. Rxf4 O-O-O 20. Rd1
Rhg8 21. Kg1 f5 22. a3 Rg7 23. g3 Ng6 24. Rff1 f4 25. Be2 fxg3 26. Rxd8+ Kxd8
27. hxg3 Ne5 28. Kh2 Ke7 29. Rf4 Bc6 30. Na2 Ng6 31. Rf1 Rf7 32. Rxf7+ Kxf7 33.
Bd3 Kf6 34. Kg2 e5 35. Kf3 Ne7 36. c4 Nf5 37. cxb5 Nd4+ 38. Ke3 axb5 39. Nb4
Bd7 40. Nc2 Nxc2+ 41. Bxc2 Kg5 42. Bd1 h5 43. b3 h4 44. gxh4+ Kxh4 45. a4 bxa4
46. bxa4 Kg5 47. a5 1-0

[Event "XXIX Memorial Edoardo Crespi B"]
[Site "Milano ITA"]
[Date "2008.12.05"]
[Round "2"]
[White "Colombo, Luca"]
[Black "Villalba, Fernando"]
[Result "0-1"]
[WhiteElo "1831"]
[BlackElo "1934"]
[PlyCount "163"]
[EventDate "2008.12.04"]

1. e4 c5 2. Nc3 Nc6 3. g3 g6 4. Bg2 Bg7 5. d3 d6 6. Be3 Nf6 7. h3 O-O 8. Qd2 a6
9. Nge2 e5 10. O-O Nd4 11. Nd1 Bxh3 12. Nxd4 Bxg2 13. Kxg2 cxd4 14. Bh6 Ng4 15.
Bxg7 Kxg7 16. f3 Nf6 17. Rh1 h5 18. g4 Rh8 19. Nf2 Qc7 20. g5 Nh7 21. f4 exf4
22. Qxf4 Qe7 23. Nh3 Qe5 24. Raf1 Qxf4 25. Rxf4 Rhc8 26. Rf2 Rc7 27. Kg3 Rac8
28. Rc1 b5 29. a3 a5 30. Kh4 Rc5 31. Rcf1 R8c7 32. Rc1 b4 33. axb4 axb4 34. Rg2
b3 35. Nf4 Rxc2 36. Rgxc2 bxc2 37. Nd5 Rc5 38. b4 Rc8 39. b5 f6 40. gxf6+ Nxf6
41. Nxf6 Kxf6 42. b6 Kg7 43. b7 Rb8 44. Rxc2 Rxb7 45. Rc4 Rb6 46. Rxd4 Kh6 47.
Rd5 Ra6 48. d4 Rb6 49. Kg3 Kg7 50. Kf4 Kf6 51. Rg5 Ra6 52. e5+ dxe5+ 53. dxe5+
Kf7 54. Rg2 Ra4+ 55. Ke3 Kg7 56. Kf3 Kh6 57. e6 Ra7 58. Re2 Re7 59. Kf4 Kg7 60.
Kg5 Re8 61. Re4 Ra8 62. Rd4 Ra5+ 63. Kf4 Kf6 64. Rd6 Rf5+ 65. Kg3 Ke7 66. Rb6
Re5 67. Kh4 Rxe6 68. Rb5 Kf6 69. Kg3 g5 70. Kf3 Kg6 71. Rd5 Ra6 72. Rd8 Ra3+
73. Kg2 h4 74. Rd5 Kh5 75. Re5 Rb3 76. Rd5 h3+ 77. Kh2 Kh4 78. Rd2 g4 79. Kg1
Rb1+ 80. Kf2 g3+ 81. Kf3 Rf1+ 82. Ke3 0-1